| 000 | 00853nam a2200241Ia 4500 | ||
|---|---|---|---|
| 008 | 130821s1977 ck a gr spa | ||
| 040 |
_aCo-BoUCM _bspa |
||
| 041 | 0 | 0 | _aspa |
| 092 | _aFMR 0167 | ||
| 245 | 0 | 0 |
_aUrgencias en cirugía _ceditores, Jaime Escobar Triana, Gerardo Aristizabal Aristizabal, Alvaro Murcia Gómez |
| 250 | _a2a ed. | ||
| 260 |
_aBogotá (Colombia) _bStella _c1977 |
||
| 300 |
_a950 páginas _bcuadros |
||
| 500 | _aLibro disponible en 48 horas a partir de la solicitud. | ||
| 504 | _aIncluye bibliografía e índice general. | ||
| 650 | 0 | 4 |
_aAnestesiología _994 |
| 650 | 0 | 4 |
_aCirugía _97407 |
| 650 | 0 | 4 |
_aUrgencias médicas _926003 |
| 700 | 1 |
_aAristizabal Aristizabal, Gerardo _eed. _9166221 |
|
| 700 | 1 |
_aEscobar Triana, Jaime _eed. _988188 |
|
| 700 | 1 |
_aMurcia Gómez, Alvaro _eed. _9166222 |
|
| 942 |
_cLIBRO _a15 _e2 _n0 |
||
| 999 |
_c64752 _d64752 |
||